| 000 | 01252nac a22002531u 4500 | ||
|---|---|---|---|
| 008 | 100915t xxu||||| |||| 00| 0 eng d | ||
| 010 | _a 00269164 | ||
| 020 | _a5327298258 | ||
| 082 | 0 | 0 |
_a628.161 _bRUM |
| 100 |
_aRump, Hans Hermann. _919274 |
||
| 245 | 1 | 0 |
_aLaboratory Manual for the Examination of Water, Waste Water, and Soil / _cHans Hermann Rump ; English translation by Elisabeth J. Grayson. |
| 250 | _a3rd, completely rev. ed. | ||
| 260 |
_aWeinheim ; _aNew York : _bWiley-VCH,1999 _c1999. |
||
| 300 |
_axii, 225 p. : _bill. ; _c25 cm. |
||
| 504 | _aIncludes bibliographical references (p. [217]-220) and index. | ||
| 650 | 0 |
_aWater quality _xMeasurement _vLaboratory manuals. _919275 |
|
| 650 | 0 |
_aSewage _xAnalysis _vLaboratory manuals. _919276 |
|
| 650 | 0 |
_aSoils _xAnalysis _vLaboratory manuals. _919277 |
|
| 700 | 1 |
_aGrayson, Elisabeth J. _919278 |
|
| 856 | 4 | 2 |
_3Publisher description _uhttp://www.loc.gov/catdir/description/wiley033/00269164.html |
| 856 | 4 | 2 |
_3Table of contents _uhttp://www.loc.gov/catdir/toc/wiley021/00269164.html |
| 942 |
_cBB _k628.161RUM _2ddc |
||
| 999 |
_c2549 _d2549 |
||